Trenčianske Teplice Sanatórium Krym

Zobrazenie: Na striebornom podklade v modrobielom orámovaní pohľad na budovu Sanatória Krym v popredí na červeno kvitnúci záhon

Bibliographic Details
Other Authors: Šmátrala, Milan (fotograf) (Photographer)
Format: Postcard
Language:Slovak
PhysicalDescription:1 pohľadnica farebná 11 x 15 cm
Published: Bratislava Pravda 1988
Subjects:

MARC

LEADER 00000ckm a2200000 a 4500
001 vtls001244729
003 SK-MaSNL
005 20260512124415.0
007 kp co
008 230718s1988 xo g 0kuslo
015 |a SNBG1988 
035 |a SNK000195547 
035 |a urn:nbn:sk:snk-km3lwlk 
035 |a 8F857484-8083-4B3C-81C1-69450958A2DF 
035 |a urn:nbn:sk:snk-km00dr2y 
040 |a SNK  |b slo  |c SNK  |e AACR2 
041 0 |a slo 
043 |a e-xo--- 
044 |a xo  |c SK 
072 7 |a 913  |x Regionálna geografia  |2 konspekt 
080 |a 913(437.6)  |2 2011 
080 |a (084.121)  |2 2011 
080 |a 614.215  |2 2011 
100 1 |a Šmátrala, Milan  |c (fotograf)  |4 pht  |9 164919 
245 1 0 |a Trenčianske Teplice  |h grafika  |b Sanatórium Krym  |c foto Milan Šmátrala 
246 1 |i Názov na obrazovej časti:  |a Trenčianske Teplice 
260 |a Bratislava  |b Pravda  |c 1988 
300 |a 1 pohľadnica  |b farebná  |c 11 x 15 cm 
520 8 |a Zobrazenie: Na striebornom podklade v modrobielom orámovaní pohľad na budovu Sanatória Krym v popredí na červeno kvitnúci záhon 
610 2 7 |a Trenčianske Teplice (Slovensko : kúpele)  |2 SNKKA  |9 187705 
650 0 7 |a sanatóriá  |2 SNKPH  |9 24123 
651 7 |a Trenčianske Teplice (Slovensko)  |2 SNKPHgeo  |9 14503 
655 7 |a miestne pohľadnice  |2 SNKPH  |9 70510 
852 |a Slovenská národná knižnica 
954 |a pohľadnice pôvodné (slovenské)  |2 lita 
958 |a GBN 
958 |a TL 
958 |a GC 
958 |a OND 
999 |c 884154  |d 886084 
952 |a SNK  |b SNK  |y PREZ  |7 0  |p 17A1295140  |o snkSP 146903  |i snk321/92  |0 0  |1 0  |4 0  |d 2018-10-16  |f 1  |l 0  |r 2026-02-24 06:25:53  |w 2026-02-24